000 01742nam a22003497a 4500
003 DO-SdBPM
005 20250709132420.0
007 ta
008 161031b 2002 sp 00| 0 spa d
040 _aDO-SdBPM
_bspa
_cBPMSU
_erda
082 4 _a337.18
_bC969i 2002
_222
111 2 _aCumbre Iberoamericana de Jefes de Estado y de Gobierno
_n(XII :
_d 2002 : 15-16 noviembre )
_cRepública Dominicana
245 0 0 _aIberoamérica ante la crisis global = Iberoamérica diante da crise global /
_cprólogo Hipólito Mejía ; edición Alicia Fraerman
264 _aMadrid :
_bEditorial Comunica,
_c2002.
300 _a261 páginas :
_c31 cm.
336 _atexto
_btxt
_2rdacontent
337 _asin mediación
_bn
_2rdamedia
338 _avolumen
_bnc
_2rdacarrier
490 0 _aDocumentos
505 _aIberoamérica: realidades y desafíos de la alianza Interaltántica. -- La gobernanza de la globalización. -- Los desafíos de la democracia Iberoamericana. -- Comercio, cooperación y desarrollo sostenible. -- La construcción de la comunidad Iberoamericana. -- Antecedentes y reuniones preparatorias. -- Programa de cooperación de la conferencia Iberoamericana. -- Declaraciones finales de las cumbres precedentes.
590 _aInventariado, 2025/VM
611 2 0 _aCumbre Iberoamericana de Jefes de Estado y Gobierno.
650 7 _a Jefes de Estado
_zAmérica Latina
_vCongresos, conferencias, etc.
_x
650 7 _aCooperación internacional
_zAmérica Latina
651 7 _a
_x
700 1 _aMejía, Hipólito
_eprólogo
700 1 _aFraerman, Alicia
_eedición
740 0 2 _aIberoamérica diante da crise global.
830 0 _aDocumentos
910 _aVMateo V. Control de calidad. BPMSUb
942 _2ddc
_cBK
999 _c13143
_d13143